000 00978nam a2200289 4500
003 EG-GICUC
005 20260420220940.0
008 260420s2002 ua ||||fr|||| 00| 0 ara d
017 _a2002/8803
040 _a EG-GICUC
_bara
_c EG-GICUC
_d EG-GICUC
_erda
041 0 _aara
082 0 4 _221
_a341.77
_bن ظ
092 0 4 _221
099 _aLaw1 11 341.77 ن ظ 2002
245 1 2 _aالنظام الأساسي للمحكة الجنائية الدولية /
_cتقديم ناصر أمين.
264 1 _aالقاهرة :
_bالمركز العربي،
_c2002.
300 _a120 ؛ صفحة
_c24 سم
336 _2rda content
_atext
337 _2rda media
_aComputer
338 _2rda carrier
_aOnline Resource
546 _aالنص باللغة العربية
650 1 4 _aالقانون الدولي العام
700 _aناصر أمين
_eمقدم.
856 4 0 _uhttps://fll.law.cu.edu.eg/fulltext/bks/B11-10124.pdf
905 _a30
942 _2ddc
_cBK
_e21
_n0
999 _c72509
_d72509